000 00539nam a22001697a 4500
005 20170201144942.0
010 _aENG-117214
020 _a9788192351858
_c550.00
035 _aEN-100746
037 _bDBAD/PUB
082 _a333.315457
245 _aAspects of land policy in Assam :
_bcontiniuty and change /
260 _aGuwahti
_bVivekananda Kendra Institute of Culture
_c2012
270 _aRiversized, Uzanbazar, M G Road
_bGuwahti
_e781001
300 _axiii,242p.
_c23cm(Hb)
942 _2ddc
_cEN
_h333.315451
_mASP
999 _c137336
_d137336